<?xml version="1.0" encoding="UTF-8"?><?xml-stylesheet type="text/xsl" href="static/style.xsl"?><OAI-PMH xmlns="http://www.openarchives.org/OAI/2.0/" xmlns:xsi="http://www.w3.org/2001/XMLSchema-instance" xsi:schemaLocation="http://www.openarchives.org/OAI/2.0/ http://www.openarchives.org/OAI/2.0/OAI-PMH.xsd"><responseDate>2026-04-28T19:35:59Z</responseDate><request verb="GetRecord" identifier="oai:uvadoc.uva.es:10324/6348" metadataPrefix="marc">https://uvadoc.uva.es/oai/request</request><GetRecord><record><header><identifier>oai:uvadoc.uva.es:10324/6348</identifier><datestamp>2021-06-23T09:51:57Z</datestamp><setSpec>com_10324_1134</setSpec><setSpec>com_10324_931</setSpec><setSpec>com_10324_894</setSpec><setSpec>col_10324_1213</setSpec></header><metadata><record xmlns="http://www.loc.gov/MARC21/slim" xmlns:doc="http://www.lyncode.com/xoai" xmlns:xsi="http://www.w3.org/2001/XMLSchema-instance" xmlns:dcterms="http://purl.org/dc/terms/" xsi:schemaLocation="http://www.loc.gov/MARC21/slim http://www.loc.gov/standards/marcxml/schema/MARC21slim.xsd">
<leader>00925njm 22002777a 4500</leader>
<datafield tag="042" ind1=" " ind2=" ">
<subfield code="a">dc</subfield>
</datafield>
<datafield tag="720" ind1=" " ind2=" ">
<subfield code="a">García-Sancho Martín, Francisco Javier</subfield>
<subfield code="e">author</subfield>
</datafield>
<datafield tag="260" ind1=" " ind2=" ">
<subfield code="c">2014</subfield>
</datafield>
<datafield tag="520" ind1=" " ind2=" ">
<subfield code="a">Cross-talk between organelles and plasma membrane Ca2+ channels is essential for&#xd;
modulation of the cytosolic Ca2+ ([Ca2+]C) signals, but such modulation may differ among&#xd;
cells. In chromaffin cells Ca2+ entry through voltage-operated channels induces calcium release&#xd;
from the endoplasmic reticulum (ER) that amplifies the signal. [Ca2+]C microdomains as high&#xd;
as 20–50 μM are sensed by subplasmalemmal mitochondria, which accumulate large amounts of&#xd;
Ca2+ through the mitochondrial Ca2+ uniporter (MCU). Mitochondria confine the high-Ca2+&#xd;
microdomains (HCMDs) to beneath the plasma membrane,where exocytosis of secretory vesicles&#xd;
happens. Cell core [Ca2+]C is much smaller (1–2 μM). By acting as a Ca2+ sink, mitochondria&#xd;
stabilise theHCMDin space and time. In non-excitableHEK293 cells, activation of store-operated&#xd;
Ca2+ entry, triggered by ERCa2+ emptying, also generated subplasmalemmal HCMDs, but, in this&#xd;
case, most of the Ca2+ was taken up by the ER rather than bymitochondria. The smaller size of the&#xd;
[Ca2+]C peak in this case (about 2 μM)may contribute to this outcome, as the sarco-endoplasmic&#xd;
reticulum Ca2+ ATPase has much higher Ca2+ affinity than MCU. It is also possible that the relative positioning of organelles, channels and effectors, as well as cytoskeleton and accessory&#xd;
proteins plays an important role.</subfield>
</datafield>
<datafield tag="024" ind2=" " ind1="8">
<subfield code="a">Journal of Physiology, 2014, p. 261-268</subfield>
</datafield>
<datafield tag="024" ind2=" " ind1="8">
<subfield code="a">0022-3751</subfield>
</datafield>
<datafield tag="024" ind2=" " ind1="8">
<subfield code="a">http://uvadoc.uva.es/handle/10324/6348</subfield>
</datafield>
<datafield tag="024" ind2=" " ind1="8">
<subfield code="a">10.1113/jphysiol.2013.255661</subfield>
</datafield>
<datafield tag="024" ind2=" " ind1="8">
<subfield code="a">261</subfield>
</datafield>
<datafield tag="024" ind2=" " ind1="8">
<subfield code="a">268</subfield>
</datafield>
<datafield tag="024" ind2=" " ind1="8">
<subfield code="a">Journal of Physiology</subfield>
</datafield>
<datafield ind1=" " ind2=" " tag="653">
<subfield code="a">Calcio - Absorción</subfield>
</datafield>
<datafield tag="245" ind1="0" ind2="0">
<subfield code="a">The coupling of plasma membrane calcium entry to calcium uptake by endoplasmic reticulum and mitochondria</subfield>
</datafield>
</record></metadata></record></GetRecord></OAI-PMH>